San Marino-Quiz - Statistiken

Allgemein
  • Dieses Quiz wurde 1.520 mal gespielt
  • Das Durchschnittsergebnis liegt bei 7 aus 14
Antwortstatistiken
Frage Antwort % Korrekt
Land, das San Marino komplett umgibt Italien
98%
Hauptstadt von San Marino San Marino
98%
Währung von San Marino Euro
90%
Die Fußballnationalmanschaft San Marinos wird mit 1 Sieg, 4 Remis und 159 Niederlagen als die schwächste der Welt angesehen. Welcher Mikrostaat in Europa ist das einzige Land, das sie bisher geschlagen haben? Liechtenstein
79%
Land, das San Marino 1944 kurz besetzte Deutschland
78%
San Marino beansprucht es, die _____ Republik der Welt zu sein Älteste
61%
Brasilianischer F1-Pilot, der 1994 beim San Marino Grand Prix Ums Leben kam (der eigentlich in Imola stattfindet) Ayrton Senna
60%
San Marino ist weltweit das einzige Land mit mehr _______ als Leute Fahrzeuge
40%
Bergkette, in welcher San Marino liegt Apennin
39%
Alle sechs Monate wählt das Parlament von San Marino zwei Capitani Reggenti, um das Land zu führen. Welches Amt im alten Rom war similar dem Capitano Reggente ähnlich? Konsul
30%
Drei davon kommen auf dem Wappen von San Marino vor Türme
27%
Höchster Berg, 739 m Meereshöhe Monte {Titano}
19%
Größte Siedlung Dogana
17%
San Marino wird in 9 Gemeinden unterteilt, die unter dieser administrativen Bezeichnung bekannt sind (Anfangsbuchstabe C) Castelli
12%
Keine übereinstimmenden Quizze gefunden
Verteilung der Resultate
Anzahl Personen mit jedem Resultat
Perzentil nach korrekt beantworteten Fragen
Ihre Resultats-Entwicklung
Sie haben dieses Quiz noch nicht gespielt